00283nam a2200121Ia 4500008004100000041000800041082001200049100001600061245002400077260003100101300002400132365000500156240624s9999 xx 000 0 und d aeng a823 WOO aWOODS JANET aWHERE SEAGULLS SOAR c2006aLondonbPocket Books a385 : p. : cm. ; 18 c